00615cam a22002411 4500001001300000003000400013005001700017008004100034010001700075025001900092035002000111040002100131042001200152050002100164100002600185245003400211250001800245260001100263300001900274500001600293600004700309999001700356sa 68018755 DLC20260227112714.0940907s1967 ii 000 0 pano  asa 68018755  aPL480:I-Pu-969 a(OCoLC)31063541 aDLCcCUdCUdDLC apremarc00aBL2017.9.J5bS561 aSingh, Narain,d1901-10aAkālī morace te Jhabbara. a[2d rev. ed.] c[1967] a205 p.c22 cm. aIn Panjabi.10aJhabbara, Karatāra Siṅgha,d1874-1962. c88628d88628